Pays ou il y a le plus de Japonais - Statistiques

Statistiques générales
  • Ce quiz a été pris 453 fois
  • Le résultat moyen est 13 sur 18
Statistiques - réponses
Nombre Pays % Correct
115 000 Chine
99%
127 000 000 Japon
99%
1 200 000 États-Unis
97%
25 000 France
96%
15 000 Corée du Sud
93%
85 000 Canada
89%
51 000 Royaume-Uni
80%
30 000 Allemagne
78%
1 500 000 Brésil
78%
24 000 Australie
74%
20 000 Mexique
64%
9 000 Viêt Nam
62%
15 000 Taïwan
61%
30 000 Argentine
59%
120 000 Philippines
50%
23 000 Singapour
42%
90 000 Pérou
33%
12 000 Bolivie
16%
Aucun quiz correspondant
Distribution des résultats
% des personnes avec chaque résultat
Percentile par nombre de réponses
Votre historique - résultats
Vous n’avez pas pris ce quiz